Meranie elektrických veličín pomocou počítačov PC XT/AT : Obh. 7.6.1994 /

Enregistré dans:
Détails bibliographiques
Auteur principal: Sýkora, Adrian (Auteur)
Format: Manuscrit Livre
Langue:slovaque
Publié: Bratislava : STU v Bratislave ChtF, 1994
Tags: Ajouter un tag
Pas de tags, Soyez le premier à ajouter un tag!

MARC

LEADER 00000ntm a22000003a 4500
001 stu22634
005 20150617225750.8
008 940708s1994----cs------------------slo-d
040 |a STU  |b slo 
041 0 |a slo 
044 |a cs 
100 1 |a Sýkora, Adrian  |4 aut 
245 1 |a Meranie elektrických veličín pomocou počítačov PC XT/AT :  |b Obh. 7.6.1994 /  |c [aut.]Sýkora,Adrian 
260 |a Bratislava :  |b STU v Bratislave ChtF,  |c 1994 
300 |a 44 s :  |b Tab.,grafy,lit 
500 |a Špec.:ASR chem.a potrav.výrob 
996 |b CD11743  |c C*D11743  |l CCI  |s A  |a 24  |w stu22634_0001